00389nam a2200121Ia 4500001000800000005001700008008004100025020001800066245005600084260001800140999002100158952008800179127769720260417163036.0260417s9999 xx 000 0 und d a9786258099669 0aAlbert Einstein - Evrenin Sırrını Çözen Dahi bDokuz Çocuk c1277697d1277697 00104070a1107b1107d2026-04-17l0p1107282r2026-04-17 16:30:36w2026-04-17yBK